000 00793nam a2200241Ia 4500
003 OSt
005 20221005112521.0
006 a|||||r|||| 00| 0
007 ta
008 221004b |||||||| |||| 00| 0 pan d
020 _c200
024 _a95408
037 _b217, 01/01/2009, H.K. Prakashan
_cTextual
040 _aCRL
_cCRL
_bpan
041 _2pan
_apan
082 _aY:1.243, 153P4
100 _aਵਿਨੋਦ, ਟੀ ਆਰ
245 0 _aਸੰਸਕ੍ਰਿਤੀ
_b ਸਿਧਾਂਤ ਅਤੇ ਵਿਹਾਰ
260 _aਚੰਡੀਗੜ
_bਲੋਕਗੀਤ ਭਾਰਤ
_c2004
300 _a240ਪੰ
_ccm.
942 _hY:1.243, 153P4
_cTEXL
_2cc
999 _c1025131
_d1025131